Construire l'image, ordonner le réel : les vases peints du IVe millénaire en Egypte /

محفوظ في:

المؤلف الرئيسي: Graff, Gwenola (مؤلف)

التنسيق: كتاب

اللغة: French

منشور في: Paris ; Arles : Éditions Errance, [2013].

سلاسل: Collection Les Hespérides.

الموضوعات:

الوسوم: إضافة وسم

لا توجد وسوم, كن أول من يضع وسما على هذه التسجيلة!

رقم الطلب: DT73 .N26 G73

LEADER 00935nam a22002777a 4500
003 OSt
005 20251209092804.0
008 251209t2013 fr a g b 000 0 fre d
010 |a 2015494071 
020 |a 9782877725361 
040 |c ARCE Library 
043 |a f-ua--- 
050 1 4 |a DT73 .N26  |b G73 
100 1 |a Graff, Gwenola,   |e author 
245 1 0 |a Construire l'image, ordonner le réel :   |b les vases peints du IVe millénaire en Egypte /   |c Gwenola Graff. 
264 1 |a Paris ;   |a Arles :   |b Éditions Errance,   |c [2013]. 
300 |a 151 pages :   |b illustrations (some color) ;   |c 24 cm. 
490 0 |a Collection Les Hespérides. 
504 |a Includes bibliographical references. 
650 0 |a Vases, Ancient  |z Egypt  |z Naqādah. 
650 0 |a Vases, Prehistoric  |z Egypt  |z Naqādah. 
650 0 |a Vase-painting  |z Egypt  |z Naqādah. 
651 0 |a Naqādah (Egypt)  |x Antiquities. 
901 |a reviewed 
942 |c BK  |2 lcc 
999 |c 27945  |d 27945